World of tanks tier X - Statistiques

Statistiques générales
  • Ce quiz a été pris 73 fois
  • Le résultat moyen est 32 sur 65
Statistiques - réponses
Hint Réponse % Correct
German Med E 50 M
93%
German Heavy E 100
89%
France Heavy AMX 50 B
85%
German Heavy Maus
85%
Russian Heavy IS-7
81%
France TD Foch B
80%
Russian Heavy IS-4
72%
German TD Grille 15
70%
German Med Leopard 1
70%
Japan Heavy Type 5 H
65%
British TD FV4005
61%
USA Heavy T110E5
61%
France Light EBR 105
59%
USA TD T110E4
59%
USA Heavy T57 Heavy
57%
France Light AMX 13 105
56%
France Heavy AMX M4 54
56%
German TD Jg.Pz.E100
56%
British Heavy S. Conqueror
56%
USA SPG T92 HMC
56%
France Med B-C 25 t
54%
USA Med M48 patton
54%
Russian TD Obj. 268
54%
Sweden TD Strv 103B
54%
USA TD T110E3
54%
Japan Heavy Type 71
54%
Russian Med Obj. 140
52%
Russian SPG Obj. 261
52%
USA Light Sheridan
52%
Russian light T-100 LT
52%
British TD Badger
50%
German SPG G.W.E.100
50%
Italy Med Progetto 65
48%
Japan Med STB-1
48%
British Med Centurion AX
46%
British SPG ConquerorGC
46%
Poland Heavy 60TP
44%
France SPG B-C 155 58
44%
Sweden Heavy Kranvagn
44%
Russian TD Obj. 268/4
43%
German Heavy Pz.Kpfw. VII
43%
Italy TD Minotauro
41%
USA Heavy M-V-Y
41%
Russian Heavy Obj. 277
39%
Russian Heavy ST-II
39%
British Heavy Canopener
37%
British light Manticore
37%
Russian Med Obj. 430U
37%
Italy Heavy Rinoceronte
37%
Poland Med CS-63
35%
Japan TD Ho-Ri 3
35%
Sweden Med UDES 15/16
35%
China Heavy BZ-75
33%
Russian Med K-91
33%
Russian Heavy Obj. 705A
33%
Czech Heavy Vz. 55
33%
China Med 121
31%
Czech Med TVP T50/51
31%
German Light Rhm. Pzw.
30%
Czech Light Tesák
28%
China Heavy WZ-111 5A
26%
China TD WZ-113G FT
26%
British Med Concept 5
24%
China light WZ-132-1
20%
Poland TD Blyskawica
19%
Aucun quiz correspondant
Distribution des résultats
% des personnes avec chaque résultat
Percentile par nombre de réponses
Votre historique - résultats
Vous n’avez pas pris ce quiz